书目信息 |
| 题名: |
强者
|
|
| 作者: | 晓凡 著 | |
| 分册: | ||
| 出版信息: | 北京 中国青年出版社 1980 |
|
| 页数: | 306页 | |
| 开本: | 19cm | |
| 丛书名: | ||
| 单 册: | ||
| 中图分类: | I252 | |
| 科图分类: | ||
| 主题词: | 报告文学--中国 , 传记文学--中国 | |
| 电子资源: | ||
| ISBN: | ||
| 000 | 00609nam0 2200241 45 | |
| 001 | 0180001946 | |
| 005 | 20060928081446.70 | |
| 010 | @dCNY0.66 | |
| 091 | @a10009.650 | |
| 100 | @a19950403d1980 em y0chiy0121 ea | |
| 101 | 0 | @achi |
| 102 | @aCN@b110000 | |
| 105 | @af z 000fy | |
| 200 | 10 | @a强者@Aqiang zhe@f晓凡等著 |
| 210 | @a北京@c中国青年出版社@d1980 | |
| 215 | @a306页@c照片@d19cm | |
| 606 | 0 | @a报告文学@x中国 |
| 606 | 0 | @a传记文学@x中国 |
| 690 | @aI252@v3 | |
| 701 | 0 | @a晓凡@Axiao fan@4著 |
| 801 | 0 | @aCN@b上海图书馆@c20060928 |
| 801 | 2 | @aCN@bNLC@c20060914 |
| 905 | @dI252@e51@f1@b26989 | |
| 强者/晓凡等著.-北京:中国青年出版社,1980 |
| 306页:照片;19cm |
| ISBN :CNY0.66 |
| ● |
| 相关链接 |
|
|
|
|
正题名:强者
索取号:I252/51
 
预约/预借
| 序号 | 登录号 | 条形码 | 馆藏地/架位号 | 状态 | 备注 |
| 1 | 0026988 | 001916582 | 密集书库/ [索取号:I252/51] | 在馆 | |
| 2 | 0026989 | 000583238 | 第一样本阅览室/ [索取号:I252/51] | 在馆 | |
| 3 | 0422476 | 204224767 | 密集书库/ [索取号:I252/51] | 在馆 | |
| 4 | 0422497 | 204224972 | 密集书库/ [索取号:I252/51] | 在馆 | |
| 5 | 0428087 | 204280875 | 密集书库/ [索取号:I252/51] | 在馆 | |
| 6 | 0450190 | 204501903 | 密集书库/ [索取号:I252/51] | 在馆 | |
| 7 | 0450191 | 204501912 | 密集书库/ [索取号:I252/51] | 在馆 | |
| 8 | 0473285 | 204732851 | 密集书库/ [索取号:I252/51] | 在馆 |